02284nam a2200241Ia 4500001000400000008004100004010000800045041001400053082001400067245024300081260001800324300000800342520000700350630001600357630001400373630002000387630003200407650002000439700003500459700003200494700003600526520148000562867241029s9999 xx 000 0 und d a789 aEspañol aNO APLICA 0aParticipación e Integración de la Comunidad en los Órganos de Participación de los Liceos Públicos Nocturnos del Distrito Educativo 04-06, del Municipio de Haina-Nigua, Provincia San Cristóbal, Republica Dominicana, 2010-2012. aSanto Domingo a127 a30 aEfectividad aGestión aParticipación aParticipación Comunitaria aParticipación easesoraBautista Pérez, Juan eautoraPaula Soto, Gregorio eautoraValera Uribe , Ana Julia aEste estudio tiene como objetivo principal analizar la participación e integración de la comunidad en el desenvolvimiento de la gestión de los liceos públicos nocturnos del Distrito Educativo 04-06, del municipio de Haina-Nigua, provincia San Cristóbal, Republica Dominicana, 2010-2012.Este estudio es de tipo descriptivo no experimental, los métodos empleados fueron el histórico- lógico, análisis-síntesis, inducción-deducción, estudio documental, las técnicas utilizadas fueron la entrevista, el cuestionario y la encuesta. La población objeto de estudio estaba compuesta por 176 estudiantes, 83 profesores, 7 directores y 17 padres de alumnos/as; para muestra se tomó el 27% de la población docente, el 30% de los directores un 26% estudiantil El estudio concluye que los directores, directivos y maestros de estos centros educativos aplican las políticas de participación e investigación establecidas por la Ley 66-97 y sus derivados, solo con el fin de cumplir con las exigencias echas por las autoridades educativas representadas en el Distrito, Regional y Ministerio de Educación, pero no logran que estos organismos luego de formados se conviertan en organismos funcionales.Se recomienda a los directores de estos centros, concentrar sus esfuerzos en dos ejes principales al momento se tomar sus organismos de participación que son: formación de los organismos y funcionamiento de los mismos de acuerdo a la Ley 66-97.